Educación Superior en Iberoamérica: Informe 2012

Uloženo v:
Podrobná bibliografie
Hlavní autoři: Lemaitre, María José (Autor), Zenteno, María Elisa (Autor)
Médium: Kniha
Jazyk:španělština
Vydáno: Santiago Ril Editores 2012
Santiago CINDA 2012
Vydání:1a. ed
Témata:
Tagy: Přidat tag
Žádné tagy, Buďte první, kdo vytvoří štítek k tomuto záznamu!

MARC

LEADER 00000cam a2200000 a 4500
001 UCF4065
003 CL-VaPUC
008 121115e20120500CL |||||||||||||||||spa|d
020 |a 9789567106608 
082 0 4 |a 378.8  |b LEM  |2 21 
100 |a Lemaitre, María José  |e author  |9 620398 
700 0 |a Zenteno, María Elisa  |e author  |9 565722 
245 1 0 |a Educación Superior en Iberoamérica: Informe 2012 
250 |a 1a. ed 
300 |a 313 P 
942 |c BK 
945 |d 20121115 00:00:00  |a dcastane 
260 |a Santiago  |b Ril Editores  |c 2012 
260 |a Santiago  |b CINDA  |c 2012 
500 |a Incluye CD con informes completos por país 
650 0 |a Educación superior   |9 223851 
650 0 |a Universidades  |9 256317 
650 0 |a Estado y educación   |9 311264 
650 0 |a Política gubernamental  |9 262286 
583 |a last modification  |c 20121115 10:00:00  |k Rodrigo Vera 
999 |c 350061  |d 350059 
952 |0 0  |1 0  |4 0  |6 378_800000000000000_LEM_2012_2012  |7 0  |8 A  |9 453037  |a BIBHIS  |b BIBHIS  |d 2019-11-22  |i 4923820  |o 378.8 LEM 2012 2012  |p 4923820  |r 2025-01-20  |w 2019-11-22  |y BK  |k HIS